header

Language in its cultural embedding (Record no. 109464)

MARC details
000 -LEADER
fixed length control field 01483nam a2200373Ia 4500
082 04 - DEWEY DECIMAL CLASSIFICATION NUMBER
Classification number 306/.4
100 1# - MAIN ENTRY--AUTHOR NAME
Personal name Haarmann, Harald.
245 10 - TITLE STATEMENT
Title Language in its cultural embedding
260 ## - PUBLICATION, DISTRIBUTION, ETC. (IMPRINT)
Place of publication Berlin ;
-- New York :
Name of publisher Mouton de Gruyter,
Year of publication 1990.
300 ## - PHYSICAL DESCRIPTION
Number of Pages xiii, 276 p. :
Other physical details ill.
650 #0 - SUBJECT ADDED ENTRY--TOPICAL TERM
Topical Term Culture
Topical Term Language and culture.
Topical Term Signs and symbols.
Topical Term Anthropological linguistics.
856 40 - ELECTRONIC LOCATION AND ACCESS
Uniform Resource Identifier http://site.ebrary.com/lib/rucke/Doc?id=10598366

No items available.

© 2026 Rongo University
Contact us: librarian | system librarian | Rongo university